Ste pripravení na nový zákon o ochrane spotrebiteľa?

Koncom mája vstúpil do platnosti nový zákon o ochrane spotrebiteľa č. 108/2024 Z. z. o ochrane spotrebiteľa a o zmene a doplnení niektorých zákonov. Pristúpili sme tak (ako poslední v EÚ) k transpozícii viacerých smerníc EÚ. Konečne aj naša legislatíva refl ektuje na požiadavky retailu 21. storočia,...

Descrizione completa

Salvato in:
Dettagli Bibliografici
Autore principale: Beľujský, Marek
Natura: Capitolo di libro
Lingua:slovacco
Soggetti:
Tags: Aggiungi Tag
Nessun Tag, puoi essere il primo ad aggiungerne!!

MARC

LEADER 00000naa a2200000 4500
001 0303390
005 20240806104524.6
041 0 |a slo 
044 |a SK 
245 1 0 |a Ste pripravení na nový zákon o ochrane spotrebiteľa?  |c Marek Beľujský 
520 |a Koncom mája vstúpil do platnosti nový zákon o ochrane spotrebiteľa č. 108/2024 Z. z. o ochrane spotrebiteľa a o zmene a doplnení niektorých zákonov. Pristúpili sme tak (ako poslední v EÚ) k transpozícii viacerých smerníc EÚ. Konečne aj naša legislatíva refl ektuje na požiadavky retailu 21. storočia, napríklad aj reguláciou predaja digitálneho obsahu. 
610 2 0 |a legislatíva 
610 2 0 |a novelizácia 
610 2 0 |a ochrana spotrebiteľa 
610 2 0 |a právo spotrebiteľské 
610 2 0 |a zmluvy 
100 1 |a Beľujský, Marek